Que lindo es Michoacán! (Record no. 10731)

MARC details
000 -CABECERA
campo de control de longitud fija 00766nam a2200229 a 4500
001 - NÚMERO DE CONTROL
campo de control BRL_1923
005 - FECHA Y HORA DE LA ÚLTIMA TRANSACCIÓN
campo de control 20190320211433.0
008 - DATOS DE LONGITUD FIJA--INFORMACIÓN GENERAL
campo de control de longitud fija 180815s1990----u--o######---#000-0#eng-#
041 ## - CÓDIGO DE LENGUA
Código de lengua del texto/banda sonora o título independiente eng
044 ## - CÓDIGO DEL PAÍS DE LA ENTIDAD EDITORA/PRODUCTORA
Código MARC del país u
050 #4 - SIGNATURA TOPOGRÁFICA DE LA BIBLIOTECA DEL CONGRESO
Número de clasificación NK845.M5
Número de documento/Ítem .Q4 1990
245 10 - MENCIÓN DE TÍTULO
Título Que lindo es Michoacán!
Resto del título traditional and contemporary art from the state of Michoacan, Mexico, march23 through may 27, 1990
260 ## - PUBLICACIÓN, DISTRIBUCIÓN, ETC.
Lugar de publicación, distribución, etc. Chicago, Il.
Nombre del editor, distribuidor, etc. Mexican Fine Arts Center Museum
Fecha de publicación, distribución, etc. 1990
300 ## - DESCRIPCIÓN FÍSICA
Extensión 65 p.
Otras características físicas il.
Dimensiones 28 cm.
500 ## - NOTA GENERAL
Nota general Au6
500 ## - NOTA GENERAL
Nota general Texto en: inglés y español.
650 14 - PUNTO DE ACCESO ADICIONAL DE MATERIA--TÉRMINO DE MATERIA
Término de materia o nombre geográfico como elemento de entrada Arte popular
Subdivisión geográfica Michoacán (México)
9 (RLIN) 25687
651 #4 - PUNTO DE ACCESO ADICIONAL DE MATERIA--NOMBRE GEOGRÁFICO
Nombre geográfico Michoacán (México)
Subdivisión general Vida social y costumbres
9 (RLIN) 28241
651 #4 - PUNTO DE ACCESO ADICIONAL DE MATERIA--NOMBRE GEOGRÁFICO
Nombre geográfico Michoacán (México)
Subdivisión general Historia
9 (RLIN) 28242
902 ## - CATALOGADOR
Iniciales GRL
942 ## - ELEMENTOS DE PUNTO DE ACCESO ADICIONAL (KOHA)
Fuente del sistema de clasificación o colocación Library of Congress Classification
Tipo de ítem Koha Libros
Holdings
Estado de retiro Estado de pérdida Estado dañado No para préstamo Localización permanente Ubicación/localización actual Fecha de adquisición Número de inventario Total de préstamos Signatura topográfica completa Código de barras Fecha visto por última vez Precio válido a partir de Tipo de ítem Koha
El ejemplar forma parte de la colección y puede ser consultado según las políticas vigentes.       Biblioteca Centro de Estudios Ruth D. Lechuga Biblioteca Centro de Estudios Ruth D. Lechuga 18/08/2015 Au6   NK845.M5 .Q4 1990 (Au6) GRL02130 22/03/2019 22/03/2019 Libros